000 00954nam a2200277 a 4500
001 43807
003 BD-RjUL
005 20211209053745.0
008 160627s1977 mdua 001 0 eng
020 _a0801818664.
_a0801818672
035 _a(BD-RjUL)43925
040 _aDLC
_cDLC
_dBD-RjUL
_beng
041 _aeng
082 0 0 _a338.43
_223
_bTUE 1977
100 1 _aTurvey, Ralph.
_9130791
245 1 0 _aElectricity economics :
_bessays and case studies /
_cRalph Turvey and Dennis Anderson.
260 _aBaltimore :
_bPublished for the World Bank [by] Johns Hopkins University Press,
_cc1977.
300 _axvii, 364 p. :
_bill. ;
_c23 cm.
500 _aIncludes index.
650 0 _aElectric utilities
_xRates.
_9134645
650 0 _aElectric utilities
_xCosts.
_9134646
700 1 _aAnderson, Dennis,
_d1937-2008,
_ejoint author.
_9134647
710 2 _aWorld Bank.
_9116756
942 _2ddc
_cBK
999 _c43807
_d43807